000 00619nam a2200241Ia 4500
003 OSt
005 20221005123734.0
006 a|||||r|||| 00| 0
007 ta
008 221004b |||||||| |||| 00| 0 mal d
024 _a58754
037 _cTextual
040 _aCRL
_cCRL
_bmal
041 _2mal
_amal
082 _aV2:25xM69w, F9
100 _aSri Manade Varaja Au.
_9634155
245 0 _aMahatha Gandhi
260 _c1929
650 _a MALAYALAM LITERATURE
_938866
650 _aHISTORY
942 _hV2:25xM69w, F9
_cTEXL
_2cc
999 _c1048334
_d1048334